000 00756nam a22002297a 4500
003 NALT
005 20260213140155.0
008 s2556 th j tha d
020 _a9789740210832
040 _aNALT
041 _atha
050 _a
090 _aSC
_bท165อ 2556
100 0 _aทราย เจริญปุระ
_936643
245 1 0 _aอ่านเล่นจนเป็นเรื่อง /
_cทราย เจริญปุระ.
260 _aกรุงเทพฯ :
_bมติชน,
_c2556.
300 _a223 หน้า :
_bภาพประกอบ ;
_c21 ซม.
650 4 _aรวมเรื่อง
_9545
850 _aNALT
942 _cSHT
_2local
996 _asaiphon.d
_bCATSTF
_c2026-02-13
999 _c74725
_d74725
998 _j104
_k นางสาวสายฝน ดีงาม